|
|
|
|
| LEADER |
00798nab a2200229 i 4500 |
| 001 |
publ32685 |
| 005 |
20250416175706.0 |
| 008 |
250416s1990 hu o 000 eng d |
| 022 |
|
|
|a 0008-6363
|
| 024 |
7 |
|
|a 10.1093/cvr/24.12.1020
|2 doi
|
| 024 |
7 |
|
|a 1188470
|2 mtmt
|
| 040 |
|
|
|a SZTE Publicatio Repozitórium
|b hun
|
| 041 |
|
|
|a eng
|
| 100 |
1 |
|
|a Végh Ágnes
|
| 245 |
1 |
0 |
|a Protective effects of preconditioning of the ischaemic myocardium involve cyclo-oxygenase products
|h [elektronikus dokumentum] /
|c Végh Ágnes
|
| 260 |
|
|
|c 1990
|
| 300 |
|
|
|a 1020-1023
|
| 490 |
0 |
|
|a CARDIOVASCULAR RESEARCH
|v 24 No. 12
|
| 650 |
|
4 |
|a Klinikai orvostan
|
| 700 |
0 |
1 |
|a Szekeres László
|e aut
|
| 700 |
0 |
1 |
|a Parratt James R
|e aut
|
| 856 |
4 |
0 |
|u http://publicatio.bibl.u-szeged.hu/32685/1/aok_klny_783_90.pdf
|z Dokumentum-elérés
|